Gehe in diese Richtung! - Sudden Death - Statistiken

Allgemein
  • Dieses Quiz wurde 661 mal gespielt
  • Das Durchschnittsergebnis liegt bei 21 aus 28
Answers on the Grid
Answers color-coded by a green-red scale on the quiz's grid according to % correct below.
Unten
Links
Rechts
Rechts
Unten
Rechts
Rechts
Oben
Unten
Unten
Rechts
Links
Unten
Links
Links
Rechts
Oben
Rechts
Unten
Links
Unten
Links
Links
Unten
Oben
Unten
Oben
Links
Links
Oben
Unten
Links
Unten
Rechts
Unten
Rechts
Unten
Unten
Links
Oben
Rechts
Rechts
Rechts
Unten
Links
Links
Oben
Unten
Rechts
ENDE
 
Antwortstatistiken
Antwort % Korrekt
Unten
92%
Rechts
90%
Oben
88%
Unten
88%
Rechts
83%
Rechts
81%
Rechts
81%
Unten
79%
Links
78%
Links
78%
Unten
78%
Unten
78%
Rechts
77%
Unten
76%
Links
74%
Links
73%
Unten
73%
Links
72%
Oben
72%
Rechts
72%
Rechts
72%
Unten
72%
Unten
72%
Unten
72%
Rechts
71%
ENDE
69%
Rechts
68%
Unten
68%
Keine übereinstimmenden Quizze gefunden
Verteilung der Resultate
Anzahl Personen mit jedem Resultat
Perzentil nach korrekt beantworteten Fragen
Ihre Resultats-Entwicklung
Sie haben dieses Quiz noch nicht gespielt